Okresné kolo súťaže v prednese - Vansovej Lomnička

Bibliographic Details
Main Author: Trajčíková-Liptáková, Mária (Author, Photographer)
Format: Article
Language:Slovak
PhysicalDescription:Fotografie
ISSN:2453-7608
Subjects:

MARC

LEADER 00000nab a2200000 r4500
001 vtls011756121
003 SK-MaSNL
005 20260303130513.0
008 180515c2018 xo mr|p|||||||000 b|slo
015 |a SNBRB2018/05 
038 |a PPPK 
040 |a PPPKCL  |b slo  |e rda 
041 0 |a slo 
043 |a e-xo--- 
044 |a xo  |c SK 
072 7 |a 808  |x Literárny štýl. Literárna činnosť a technika. Efektívne využívanie jazyka. Spisovateľská činnosť  |2 konspekt 
080 |a 808.54:7.092  |2 2011 
100 1 |a Trajčíková-Liptáková, Mária  |4 aut  |4 pht  |9 210789 
245 1 0 |a Okresné kolo súťaže v prednese - Vansovej Lomnička  |c Mária Trajčíková 
300 |b Fotografie 
336 |a text  |b txt  |2 rdacontent 
337 |a bez média  |b n  |2 rdamedia 
338 |a zväzok  |b nc  |2 rdacarrier 
611 2 7 |a Vansovej Lomnička  |n (51. :  |d 2018 :  |c Kežmarok, Slovensko)  |2 pppkcl  |9 1146004 
648 7 |a 20.2.2018  |2 pppkcl  |9 1146005 
650 0 7 |a kultúra  |2 pppkcl  |9 886 
650 0 7 |a recitácie  |2 pppkcl  |9 31371 
650 0 7 |a amatérsky umelecký prednes  |2 pppkcl  |9 84977 
650 0 7 |a recitačné súťaže  |2 pppkcl  |9 71896 
650 0 7 |a okresné kolá  |2 pppkcl  |9 1023776 
651 7 |a Kežmarok (Slovensko)  |2 pppkcl  |9 26808 
773 0 |t Noviny Kežmarok : kultúrno-spoločenský mesačník mesta  |g Roč. 3, č. 3 (2018), s. 17  |x 2453-7608 
852 |a PPPK  |b KIS3GCP 
999 |c 1940949  |d 1942879